[Event "Olympiad-44"]
[Site "Chennai"]
[Date "2022.08.02"]
[Round "5.3"]
[White "Taleka, Jed Selu"]
[Black "Shaker, Mosab"]
[Result "0-1"]
[WhiteElo "1672"]
[BlackElo "1705"]
[PlyCount "186"]
[EventDate "2022.07.29"]
[EventType "team-swiss"]
[EventRounds "11"]
[EventCountry "IND"]
[SourceTitle "CBM 210"]
[Source "ChessBase"]
[SourceDate "2022.10.31"]
[SourceVersion "1"]
[SourceVersionDate "2022.10.31"]
[SourceQuality "1"]
[WhiteTeam "Nauru"]
[BlackTeam "Bahrain"]
[WhiteTeamCountry "NAU"]
[BlackTeamCountry "BHN"]

1. d4 Nf6 2. Nc3 d5 3. Bf4 a6 4. e3 Bf5 5. Nf3 e6 6. a3 c5 7. Bd3 Bg4 8. dxc5 Bxc5 9. h3 Bh5 10. Be2 Nc6 11. 0-0 0-0 12. Nd4 Bg6 13. Nxc6 bxc6 14. Bg5 a5 15. Bd3 e5 16. Bxg6 hxg6 17. Qe2 Rb8 18. Na4 Be7 19. Bxf6 Bxf6 20. Rad1 e4 21. c3 Qd6 22. Qc2 Qe7 23. Rd2 Rb7 24. Rfd1 Rfb8 25. b4 Ra7 26. Nc5 axb4 27. axb4 Ra3 28. Nb3 Rba8 29. Nd4 Bxd4 30. exd4 e3 31. Re2 exf2+ 32. Kxf2 Qh4+ 33. Kg1 Qg3 34. Qd3 Rxc3 35. Qxg3 Rxg3 36. Rc2 Ra4 37. Rb2 Re3 38. Rc1 Re6 39. Rc5 Kf8 40. Ra5 Rxa5 41. bxa5 Re1+ 42. Kf2 Ra1 43. Rb6 Rxa5 44. Rxc6 Ke7 45. Kf3 Ra3+ 46. Kf4 Kd7 47. Rb6 Kc7 48. Rb2 f6 49. h4 Ra4 50. Ke3 Ra3+ 51. Kf4 Rd3 52. Rb4 Rc3 53. Rb2 Rc4 54. Ke3 Kd6 55. Rb7 Rc7 56. Rb6+ Ke7 57. g4 Rd7 58. Kf4 Kf7 59. Ra6 Re7 60. Ra5 Re4+ 61. Kf3 Rxd4 62. Ra7+ Kg8 63. Rd7 Kh7 64. Rd8 Rd3+ 65. Kf4 Rd4+ 66. Kf3 Rd1 67. Rd7 Kg8 68. Rd8+ Kf7 69. Rd7+ Kf8 70. Rd8+ Ke7 71. Rg8 Kf7 72. Rd8 d4 73. Rd7+ Kg8 74. Rd8+ Kh7 75. Rd5 d3 76. Kg2 Kg8 77. Rd4 Kf7 78. Kf2 Rh1 79. Kg3 Rd1 80. Kf2 d2 81. Ke2 Rh1 82. Rxd2 Rh2+ 83. Ke3 Rxd2 84. Kxd2 f5 85. Ke3 Ke6 86. Kf4 Kf6 87. gxf5 gxf5 88. h5 Ke6 89. Kg5 Ke5 90. Kg6 f4 91. Kxg7 f3 92. h6 f2 93. h7 f1Q 0-1

[Event "Olympiad-43"]
[Site "Batumi"]
[Date "2018.10.02"]
[Round "8.3"]
[White "Lwebuga, Ronald"]
[Black "Taleka, Jed Selu"]
[Result "1-0"]
[WhiteElo "1819"]
[BlackElo "1723"]
[PlyCount "105"]
[EventDate "2018.09.24"]
[EventType "team-swiss"]
[EventRounds "11"]
[EventCountry "GEO"]
[SourceTitle "CBM 187"]
[Source "ChessBase"]
[SourceDate "2018.12.11"]
[SourceVersion "1"]
[SourceVersionDate "2018.12.11"]
[SourceQuality "1"]
[WhiteTeam "Sierra Leone"]
[BlackTeam "Nauru"]
[WhiteTeamCountry "SIE"]
[BlackTeamCountry "NAU"]

1. Nf3 d5 2. d4 Nf6 3. g3 Bf5 4. Bg2 Nbd7 5. Nbd2 e6 6. c4 Bb4 7. cxd5 exd5 8. Qb3 Bxd2+ 9. Bxd2 0-0 10. 0-0 Be4 11. Rac1 b6 12. Bf4 Rc8 13. Rc6 Nh5 14. Bg5 Qe8 15. Rfc1 h6 16. Bd2 Qd8 17. Bh3 Kh8 18. Bxh6 f5 19. Nh4 Rf6 20. Bd2 Rxc6 21. Rxc6 Nb8 22. Rc1 Qf6 23. f3 g5 24. fxe4 gxh4 25. e5 Qe6 26. Qf3 Ng7 27. Bg5 Nd7 28. Bxh4 c5 29. e3 c4 30. Bg2 Nxe5 31. dxe5 Qxe5 32. Rc3 d4 33. exd4 Qxd4+ 34. Qe3 Qd1+ 35. Bf1 Re8 36. Qf2 b5 37. Bf6 Qd7 38. Qd4 Qf7 39. Rf3 Rf8 40. Be5 Kg8 41. Bxg7 Qxg7 42. Qxg7+ Kxg7 43. Ra3 Rf7 44. Ra5 Rb7 45. Ra6 Rd7 46. a4 bxa4 47. Rxa4 Rd2 48. Rxa7+ Kf6 49. Rb7 Rc2 50. Rb4 c3 51. bxc3 Rxc3 52. Rf4 Kg5 53. Kg2 1-0

[Event "Olympiad-43"]
[Site "Batumi"]
[Date "2018.10.01"]
[Round "7.89"]
[White "Fernandes, Tomas"]
[Black "Taleka, Jed Selu"]
[Result "0-1"]
[WhiteElo "1627"]
[BlackElo "1723"]
[PlyCount "120"]
[EventDate "2018.09.24"]
[EventType "team-swiss"]
[EventRounds "11"]
[EventCountry "GEO"]
[SourceTitle "CBM 187"]
[Source "ChessBase"]
[SourceDate "2018.12.11"]
[SourceVersion "1"]
[SourceVersionDate "2018.12.11"]
[SourceQuality "1"]
[WhiteTeam "Timor Leste"]
[BlackTeam "Nauru"]
[BlackTeamCountry "NAU"]

1. e4 e6 2. Nf3 d5 3. exd5 exd5 4. d4 Nf6 5. Bd3 Bg4 6. Be2 Bd6 7. 0-0 0-0 8. Re1 c6 9. Nbd2 Qc7 10. Nf1 Nbd7 11. Bg5 Rfe8 12. Bxf6 Nxf6 13. Rc1 Re7 14. c4 Bb4 15. N1d2 Rae8 16. a3 Bxf3 17. gxf3 Bd6 18. Nf1 Nh5 19. c5 Bf4 20. Rc2 Qd7 21. Qd3 Qh3 22. Ng3 Re6 23. Qf5 Qxf5 24. Nxf5 g6 25. Ng3 Nf6 26. Kf1 h5 27. h4 Kh7 28. Rb1 Kh6 29. b4 a6 30. Bd3 Bxg3 31. fxg3 Re3 32. Be2 Rxa3 33. Kf2 Ree3 34. Rcb2 Nh7 35. Rg1 f5 36. Rg2 Nf6 37. Rg1 Ne8 38. g4 fxg4 39. fxg4 hxg4 40. Rxg4 Nf6 41. Rf4 Ne4+ 42. Kg2 Rab3 43. Rc2 Rxb4 44. Bf3 Rxd4 45. Rb2 Rd2+ 46. Rxd2 Nxd2 47. Bd1 Ne4 48. Rf7 Nxc5 49. Rf6 a5 50. h5 Rg3+ 51. Kh2 Rg5 52. hxg6 Rxg6 53. Rf7 d4 54. Kh3 a4 55. Rf8 d3 56. Rf5 b6 57. Kh4 a3 58. Rf2 b5 59. Rf7 a2 60. Ra7 Na4 0-1

[Event "Olympiad-43"]
[Site "Batumi"]
[Date "2018.09.30"]
[Round "6.81"]
[White "Espirito Santo, Waldyr"]
[Black "Taleka, Jed Selu"]
[Result "1-0"]
[WhiteElo "1903"]
[BlackElo "1723"]
[PlyCount "117"]
[EventDate "2018.09.24"]
[EventType "team-swiss"]
[EventRounds "11"]
[EventCountry "GEO"]
[SourceTitle "CBM 187"]
[Source "ChessBase"]
[SourceDate "2018.12.11"]
[SourceVersion "1"]
[SourceVersionDate "2018.12.11"]
[SourceQuality "1"]
[WhiteTeam "Sao Tome and Principe"]
[BlackTeam "Nauru"]
[WhiteTeamCountry "SAO"]
[BlackTeamCountry "NAU"]

1. e4 d5 2. exd5 Qxd5 3. Nf3 Nf6 4. d4 e6 5. c4 Qd8 6. Bd3 c6 7. Nc3 h6 8. 0-0 Be7 9. Bf4 b6 10. Qa4 Bd7 11. Ne5 c5 12. Nxd7 Qxd7 13. Nb5 0-0 14. Rad1 cxd4 15. Qb3 Nc6 16. Rfe1 Nh5 17. Bc1 Bc5 18. Be4 Nf6 19. Bxc6 Qxc6 20. Nxd4 Bxd4 21. Rxd4 Rfd8 22. Red1 Rxd4 23. Rxd4 Rc8 24. Be3 e5 25. Rd1 Qxc4 26. Rd8+ Kh7 27. Rxc8 Qxc8 28. Qxf7 Qf5 29. h3 Qb1+ 30. Kh2 Qxb2 31. Qxa7 b5 32. a3 Nd5 33. Bc5 Qc1 34. g3 Qb2 35. Qf7 Nf6 36. Kg2 Qd2 37. Bf8 Qd5+ 38. Qxd5 Nxd5 39. Kf3 Nf6 40. Bd6 e4+ 41. Ke3 Kg6 42. g4 Kf7 43. Be5 Nd7 44. Bd4 g6 45. Kxe4 Ke6 46. f4 Nb8 47. f5+ gxf5+ 48. gxf5+ Kd7 49. h4 Nc6 50. Bc3 Ne7 51. h5 Ke8 52. Ke5 Kf7 53. f6 Nc6+ 54. Kd6 Nd8 55. Kc5 Ne6+ 56. Kxb5 Nf4 57. a4 Nxh5 58. Be5 Ke6 59. a5 1-0